La sociologa̕ del control penal en Espaą y Latinoamřica

Detalles Bibliográficos
Autor principal: Amaral Machado, Bruno
Formato: Libro
Lenguaje:español
Publicado: Barcelona: J.M. Bosch Editor, 2021
Materias:
Acceso en línea:Acceso restringido

MARC

LEADER 00000nam a22000007a 4500
005 20220510211234.0
007 cr|||| ||||
008 220510s2021 ea |||||r|||| 00||0 spa d
020 |a 978-84-123154-7-9 
035 |a 35631 
040 |a vLex 
090 |c 13311  |d 13311 
100 1 |a Amaral Machado, Bruno 
245 1 2 |a La sociologa̕ del control penal en Espaą y Latinoamřica  |h [Recurso electrn̤ico] /  |c Bruno Amaral Machado 
256 |a Servicio en ln̕ea 
260 |a Barcelona:  |b J.M. Bosch Editor,  |c 2021 
300 |a 1 recurso electrn̤ico 
500 |a El presente libro es un homenaje y continuacin̤ del acervo intelectual bergalliano y es tambiň una manera de hermanamiento y a la vez consolidacin̤ de lo que podra̕ denominarse "la escuela de Barcelona de la criminologa̕ crt̕ica". En los trabajos que presentan destacadas figuras de la criminologa̕ de Espaą, Argentina, Brasil, Colombia, Venezuela, Mx̌ico y Chile se observa esa unidad en la diversidad que, al rendir homenaje al maestro, retoma y ampla̕ consideraciones sobre los saberes y enseąnzas, sobre la cuestin̤ criminal, el control social, la cr̀cel, la justicia (especialmente la transicional), la polica̕ y la violencia, as ̕como una muy nutrida e importante reflexin̤ sobre el derecho penal y las mujeres, los delitos de los poderosos, los estudios culturales y la cuestin̤ migratoria, entre otros temas. El profesor Roberto Bergalli falleci ̤en Barcelona el 4 de mayo de 2020, pero su obra y legado siguen presentes y resultan fundamentales para entender el futuro 
506 1 |a Disponible solo en los productos indicados  |d vLex Global  |d vLex Global (Academic Edition, excluding Law Schools)  |d vLex Global (U.S. Academic Edition, Law Schools)  |d vLex Global (U.S. Academic Edition, excluding Law Schools)  |d vLex Global (Academic Edition, Law Schools) 
650 0 4 |a Derecho Penal  |z Espaą 
650 0 4 |a Procedimiento Penal  |z Espaą 
650 0 4 |a Derecho Internacional  |z Espaą 
740 0 |a vLex Libros (Servicio en ln̕ea) 
856 4 0 |u https://app.vlex.com/#/sources/35631  |z Acceso restringido 
942 |c BOOK 
999 0 |a Criminal Law 
999 0 |a Criminal Procedure 
999 0 |a International Law